000 00240nam a2200097Ia 4500
008 120527s9999 xx 000 0 und d
100 _aFAPOUNDA, Wale .et al
245 _aHarmonized model constitution
260 _bOpen Society
942 _cBK
999 _c25380
_d25380